Histoires
Saved in:
| Hovedforfatter: | |
|---|---|
| Format: | Bog |
| Sprog: | fransk græsk |
| Udgivet: |
París, Francia
Société d'édition Les belles lettres
1949
|
| Udgivelse: | Seconde edition |
| Serier: | Collection des Universités de France
|
| Fag: | |
| Tags: |
Tilføj Tag
Ingen Tags, Vær først til at tagge denne postø!
|
MARC
| LEADER | 00000nam a2200000 a 4500 | ||
|---|---|---|---|
| 001 | UCM7037 | ||
| 003 | CL-VaPUC | ||
| 005 | 20210604001715.0 | ||
| 008 | 021129e19490000FR |||||||||||||||||fre|d | ||
| 999 | |c 302072 |d 302070 | ||
| 040 | |c Pontificia Universidad Católica de Valparaíso | ||
| 041 | 0 | 7 | |a fre |2 CL-VaPUC |
| 041 | 0 | 7 | |a gre |2 CL-VaPUC |
| 082 | 0 | 4 | |a 938 HER 1949 |2 21 |
| 100 | 0 | |a Heródoto |e author |9 337011 | |
| 245 | 1 | 0 | |a Histoires |
| 250 | |a Seconde edition | ||
| 260 | |a París, Francia |b Société d'édition Les belles lettres |c 1949 | ||
| 300 | |a volúmenes | ||
| 490 | 0 | |a Collection des Universités de France | |
| 500 | |a v.3: Thalie | ||
| 583 | |a last modification |c 20021129 00:00:00 |k Rodrigo Vera | ||
| 650 | 0 | |a Historia |9 255047 | |
| 651 | 0 | |a Grecia |9 265314 | |
| 942 | |c BK |2 ddc | ||
| 945 | |d 20021129 00:00:00 |a cmena | ||
| 952 | |0 0 |1 0 |2 ddc |4 0 |6 938_000000000000000_HER_1949 |7 0 |8 DER_ROM |9 362087 |a BIBDER |b BIBDER |d 2019-11-21 |h v.3 |i 3863417 |o 938 HER 1949 |p 3863417 |r 2023-01-25 |t 1 |w 2019-11-21 |x Ubicación 4to piso |y BK |z Este recurso debe solicitarse con anticipación |k DER | ||